000 00367nam a2200145Ia 4500
008 090124s9999 xx 000 0 und d
082 _b203921
245 _aNETAJI SUBHASH CHANDRA BOSE
250 _a1
260 _bSAHGAL LAKSHMI
_c1993
300 _a112
630 _aNETAJI SUBHASH CHANDRA BOSE
730 _aNETAJI SUBHASH CHANDRA BOSE
942 _cBOOK
999 _c185502
_d185502